Top 10 Checkouts at the New York Public Library - Statistics

General Stats
  • This quiz has been taken 24 times
  • The average score is 6 of 10
Answer Stats
# Author Book % Correct
3 George Orwell 1984
100%
5 Harper Lee To Kill a Mockingbird
96%
2 Dr. Seuss The Cat in the Hat
83%
6 E.B. White Charlotte's Web
70%
7 Ray Bradbury Fahrenheit 451
70%
9 J.K. Rowling Harry Potter and the Sorceror's Stone
57%
4 Maurice Sendak Where the Wild Things Are
48%
8 Dale Carnegie How to Win Friends and Influence People
43%
10 Eric Carle The Very Hungry Caterpillar
43%
1 Ezra Jack Keats The Snowy Day
17%
No matching quizzes found
Score Distribution
Percent of People with Each Score
Percentile by Number Answered
Your Score History
You have not taken this quiz